<?xml version="1.0" encoding="UTF-8"?>
<record
    xmlns:xsi="http://www.w3.org/2001/XMLSchema-instance"
    xsi:schemaLocation="http://www.loc.gov/MARC21/slim http://www.loc.gov/standards/marcxml/schema/MARC21slim.xsd"
    xmlns="http://www.loc.gov/MARC21/slim">

  <leader>01983nam a2200385 i 4500</leader>
  <controlfield tag="003">DO-SdBNP</controlfield>
  <controlfield tag="005">20250607073644.0</controlfield>
  <controlfield tag="006">a||||fr|||| 00| 0 </controlfield>
  <controlfield tag="007">ta</controlfield>
  <controlfield tag="008">230612e2022    dr ad|||r|||| 00| 0 spa d</controlfield>
  <datafield tag="020" ind1=" " ind2=" ">
    <subfield code="a">9789945621723 ;</subfield>
  </datafield>
  <datafield tag="020" ind1=" " ind2=" ">
    <subfield code="a">9789945621730 (elect&#xF3;nico)</subfield>
  </datafield>
  <datafield tag="040" ind1=" " ind2=" ">
    <subfield code="a">DO-SdBNP</subfield>
    <subfield code="b">spa</subfield>
    <subfield code="c">BNPHU</subfield>
    <subfield code="e">rda</subfield>
  </datafield>
  <datafield tag="082" ind1=" " ind2="4">
    <subfield code="2">22</subfield>
    <subfield code="b">M294es</subfield>
  </datafield>
  <datafield tag="245" ind1="0" ind2="0">
    <subfield code="a">Manual de est&#xE1;ndares de calidad y humanizaci&#xF3;n para la atenci&#xF3;n a personas con tuberculosis. /</subfield>
    <subfield code="c">Presentaci&#xF3;n, Daniel Rivera; Yocastia de Jes&#xFA;s Aramboles... [y otros]</subfield>
  </datafield>
  <datafield tag="246" ind1="0" ind2="5">
    <subfield code="a">Manual de Implementaci&#xF3;n de la Calidad y Humanizaci&#xF3;n para la atenci&#xF3;n a personas con tuberculosis.</subfield>
  </datafield>
  <datafield tag="264" ind1=" " ind2="4">
    <subfield code="a">Santo Domingo :</subfield>
    <subfield code="b">El Fondo Mundial,</subfield>
    <subfield code="c">2022</subfield>
  </datafield>
  <datafield tag="300" ind1=" " ind2=" ">
    <subfield code="a">56 p&#xE1;ginas :</subfield>
    <subfield code="b">Ilustraciones, gr&#xE1;ficas ;</subfield>
    <subfield code="c">27 cm.</subfield>
  </datafield>
  <datafield tag="336" ind1=" " ind2=" ">
    <subfield code="2">rdacontent</subfield>
    <subfield code="a">texto</subfield>
    <subfield code="b">txt</subfield>
  </datafield>
  <datafield tag="337" ind1=" " ind2=" ">
    <subfield code="2">rdamedia</subfield>
    <subfield code="a">sin medici&#xF3;n</subfield>
    <subfield code="b">n</subfield>
  </datafield>
  <datafield tag="338" ind1=" " ind2=" ">
    <subfield code="2">rdacarrier</subfield>
    <subfield code="a">volumen</subfield>
    <subfield code="b">nc</subfield>
  </datafield>
  <datafield tag="500" ind1=" " ind2=" ">
    <subfield code="a">Incluye siglas y acr&#xF3;nimos.</subfield>
  </datafield>
  <datafield tag="504" ind1=" " ind2=" ">
    <subfield code="a">Bibliograf&#xED;a: p&#xE1;ginas 57 - 58</subfield>
  </datafield>
  <datafield tag="505" ind1=" " ind2=" ">
    <subfield code="a">Siglas y Acr&#xF3;nimos.-- Resoluci&#xF3;n ministerial No. 0019 - 2022.-- Presentaci&#xF3;n.</subfield>
    <subfield code="g">Parte 1 Marco General.</subfield>
    <subfield code="t">Introducci&#xF3;n.--</subfield>
    <subfield code="g">Parte 2 Modelo.</subfield>
    <subfield code="t">Estructura del modelo de certificaci&#xF3;n.-- Roles y responsabilidad.</subfield>
    <subfield code="g">Parte 3 Certificaci&#xF3;n.</subfield>
    <subfield code="t">Sostenibilidad o revocaci&#xF3;n de la certificaci&#xF3;n.-- Glosario.-- Bibliograf&#xED;a.</subfield>
  </datafield>
  <datafield tag="534" ind1=" " ind2=" ">
    <subfield code="a">T&#xED;tulo original: Manual de Implementaci&#xF3;n de la Calidad y Humanizaci&#xF3;n para la atenci&#xF3;n a personas con tuberculosis.</subfield>
  </datafield>
  <datafield tag="590" ind1=" " ind2=" ">
    <subfield code="a">Inventariado 2023 / MF</subfield>
  </datafield>
  <datafield tag="700" ind1=" " ind2="2">
    <subfield code="a">Rivera, Daniel,</subfield>
    <subfield code="d">1958-</subfield>
    <subfield code="9">50394</subfield>
    <subfield code="e">presentaci&#xF3;n</subfield>
  </datafield>
  <datafield tag="700" ind1="1" ind2=" ">
    <subfield code="a">Jes&#xFA;s Arambole, Yocastia, de,</subfield>
    <subfield code="9">83530</subfield>
  </datafield>
  <datafield tag="700" ind1="1" ind2=" ">
    <subfield code="a">El&#xED;as Melgen, Ricardo Alberto </subfield>
    <subfield code="9">83531</subfield>
  </datafield>
  <datafield tag="700" ind1="1" ind2=" ">
    <subfield code="a">Camilo de Amarante, Elsa </subfield>
    <subfield code="9">83532</subfield>
  </datafield>
  <datafield tag="700" ind1="1" ind2=" ">
    <subfield code="a">Encarnaci&#xF3;n Casanova, Melanea </subfield>
    <subfield code="9">83533</subfield>
  </datafield>
  <datafield tag="700" ind1="1" ind2=" ">
    <subfield code="a">Pe&#xF1;a Gonz&#xE1;lez, Altagracia Milagros </subfield>
    <subfield code="9">83534</subfield>
  </datafield>
  <datafield tag="710" ind1="1" ind2=" ">
    <subfield code="a">Rep&#xFA;blica Dominicana. </subfield>
    <subfield code="b"> Secretaria de Estado de Salud P&#xFA;blica y Asistencia Social (2001)</subfield>
    <subfield code="e">autor</subfield>
    <subfield code="9">56549</subfield>
  </datafield>
  <datafield tag="942" ind1=" " ind2=" ">
    <subfield code="2">ddc</subfield>
    <subfield code="c">LBS1</subfield>
  </datafield>
  <datafield tag="952" ind1=" " ind2=" ">
    <subfield code="0">0</subfield>
    <subfield code="1">0</subfield>
    <subfield code="2">ddc</subfield>
    <subfield code="5">1</subfield>
    <subfield code="7">0</subfield>
    <subfield code="8">PD</subfield>
    <subfield code="a">BNPHU</subfield>
    <subfield code="b">BNPHU</subfield>
    <subfield code="c">CT</subfield>
    <subfield code="d">2022-11-15</subfield>
    <subfield code="e">Dep&#xF3;sito legal / Salud P&#xFA;blica</subfield>
    <subfield code="l">0</subfield>
    <subfield code="o">M294es</subfield>
    <subfield code="p">2023-2313</subfield>
    <subfield code="r">2023-06-12</subfield>
    <subfield code="w">2023-06-12</subfield>
    <subfield code="y">LBS1</subfield>
  </datafield>
  <datafield tag="952" ind1=" " ind2=" ">
    <subfield code="0">0</subfield>
    <subfield code="1">0</subfield>
    <subfield code="2">ddc</subfield>
    <subfield code="5">1</subfield>
    <subfield code="7">0</subfield>
    <subfield code="8">PD</subfield>
    <subfield code="a">BNPHU</subfield>
    <subfield code="b">BNPHU</subfield>
    <subfield code="c">CT</subfield>
    <subfield code="d">2022-11-15</subfield>
    <subfield code="e">Dep&#xF3;sito legal / Salud P&#xFA;blica</subfield>
    <subfield code="l">0</subfield>
    <subfield code="o">M294es</subfield>
    <subfield code="p">2023-2314</subfield>
    <subfield code="r">2023-06-12</subfield>
    <subfield code="t">e.2</subfield>
    <subfield code="w">2023-06-12</subfield>
    <subfield code="y">LBS1</subfield>
  </datafield>
  <datafield tag="952" ind1=" " ind2=" ">
    <subfield code="0">0</subfield>
    <subfield code="1">0</subfield>
    <subfield code="2">ddc</subfield>
    <subfield code="5">6</subfield>
    <subfield code="7">0</subfield>
    <subfield code="8">DS</subfield>
    <subfield code="a">BNPHU</subfield>
    <subfield code="b">BNPHU</subfield>
    <subfield code="c">CT</subfield>
    <subfield code="d">2022-11-15</subfield>
    <subfield code="e">Dep&#xF3;sito legal / Salud P&#xFA;blica</subfield>
    <subfield code="l">0</subfield>
    <subfield code="o">M294es</subfield>
    <subfield code="p">2023-2315</subfield>
    <subfield code="r">2023-06-12</subfield>
    <subfield code="t">e.3</subfield>
    <subfield code="w">2023-06-12</subfield>
    <subfield code="y">LBS1</subfield>
  </datafield>
  <datafield tag="999" ind1=" " ind2=" ">
    <subfield code="c">53768</subfield>
    <subfield code="d">53768</subfield>
  </datafield>
</record>
